The Muppets: Movie Directors - Statistics

General Stats
  • This quiz has been taken 13 times
  • The average score is 4 of 7
Answer Stats
Film Director % Correct
1981 The Great Muppet Caper Jim Henson
100%
1992 The Muppet Christmas Carol Brian Henson
78%
1984 The Muppets Take Manhattan Frank Oz
78%
2011 The Muppets James Bobin
44%
1999 Muppets from Space Tim Hill
33%
1979 The Muppet Movie James Frawley
22%
2002 It's a Very Merry Muppet Christmas Movie Kirk R. Thatcher
11%
No matching quizzes found
Score Distribution
Percent of People with Each Score
Percentile by Number Answered
Your Score History
You have not taken this quiz